书目信息 |
| 题名: |
民事诉讼法学自学考试题解(新编本)
|
|
| 作者: | 刘家兴 主编 | |
| 分册: | ||
| 出版信息: | 北京 中国政法大学出版社 1999.08 |
|
| 页数: | 376页 | |
| 开本: | 32开 | |
| 丛书名: | ||
| 单 册: | ||
| 中图分类: | D915.2-44 | |
| 科图分类: | ||
| 主题词: | 法学--部门 | |
| 电子资源: | ||
| ISBN: | 7-5620-0932-5 | |
| 000 | 00616nam0 2200193 45 | |
| 001 | 0010232004 | |
| 005 | 20001023200646.7 | |
| 010 | @a7-5620-0932-5@d15.00元 | |
| 100 | @a20001023d1999 km y0chiy0120 ea | |
| 101 | 0 | @achi |
| 105 | @a z 000yy | |
| 200 | 1 | @a民事诉讼法学自学考试题解(新编本)@AMin Shi Su Song Fa Xue Zi Xue Kao Shi Ti Jie(Xin Bian Ben)@f刘家兴主编@FLiu Jia Xing Zhu Bian |
| 210 | @a北京@c中国政法大学出版社@d1999.08 | |
| 215 | @a376页@d32开 | |
| 606 | 0 | @a法学@x部门 |
| 690 | @aD915.2-44@v3 | |
| 701 | 0 | @a刘家兴@4主编 |
| 801 | @aCN@bPftUser@c20001023 | |
| 905 | @b185143-147@dD915.2-44@eL889@f5 | |
| 民事诉讼法学自学考试题解(新编本)/刘家兴主编.-北京:中国政法大学出版社,1999.08 |
| 376页;32开 |
| ISBN 7-5620-0932-5:15.00元 |
| ● |
| 相关链接 |
|
|
|
正题名:民事诉讼法学自学考试题解(新编本)
索取号:D915.2-44/L889
 
预约/预借
| 序号 | 登录号 | 条形码 | 馆藏地/架位号 | 状态 | 备注 |
| 1 | 185143 | 201851433 | 社科库509/509社科库 82排4列1层/ [索取号:D915.2-44/L889] | 在馆 | |
| 2 | 185144 | 201851442 | 社科库509/509社科库 82排4列1层/ [索取号:D915.2-44/L889] | 在馆 | |
| 3 | 185145 | 201851451 | 社科库509/509社科库 82排4列1层/ [索取号:D915.2-44/L889] | 在馆 | |
| 4 | 185146 | 201851460 | 社科库509/509社科库 82排4列1层/ [索取号:D915.2-44/L889] | 在馆 | |
| 5 | 185147 | 201851479 | 社科库509/509社科库 82排4列1层/ [索取号:D915.2-44/L889] | 在馆 |